LEADER 01412nam a2200313 u 4500 001 000000073428 003 CaOOAMICUS 005 20070226122341.0 008 020708s1996 it u000 u ita u 020 $a8871150546 035 $a10936001 040 $aPUL(R)$bita 245 02$aL'esperienza di Dio :$bfilosofi e teologi a confronto /$ca cura di Emmanuele Morandi e Riccardo Panattoni. 246 14$aCon-tratto :$brivista di filosofia tomista e di filosofia contemporanea 260 $aPadova :$bIl Poligrafo,$c1996. 300 $a398 p. ;$c24 cm 500 $a"Anno IV nn. 1-2/1995". 504 $aBibliografia in nota. 650 4$aNeoscolastica.$0(OLS)http://pul/subject/5922 650 4$aFilosofia contemporanea.$0(OLS)http://pul/subject/8502 700 1 $aPanattoni, Riccardo.$0(OLS)http://pul/name/48636 700 1 $aMorandi, Emmanuele.$0(OLS)http://pul/name/38219 850 $aPUL 852 $aPUL$W1$xSL Religione 1$y3$m70 A 107$j94878$n $b $qStampati$B94878$CPULBib$Z2$F94878 $H75683 $81 941 1 $a8 996 $6020$a8871150546$9(OLS)http://pul/number/94738 996 $6245$aL'esperienza di Dio :$bfilosofi e teologi a confronto$9(OLS)http://pul/title/96487 996 $6246$aCon-tratto :$brivista di filosofia tomista e di filosofia contemporanea$9(OLS)http://pul/title/96488 996 $6260$aPadova :$bIl Poligrafo$9(OLS)http://pul/publisher/70506 LEADER 01734nam a2200325 u 4500 001 000000020722 003 CaOOAMICUS 005 20070226110931.0 008 950412s1961 it u000 u ita u 035 $a10507486 040 $aPUL$bita 245 03$aLa chiesa /$cPresentazione ed indici dei Monaci benedettini di Solesmes. 260 $aRoma :$bEd. Paoline,$c1961. 300 $a2 v. ;$c19 cm 490 1 $aInsegnamenti pontifici ;$v11-12 505 0 $av. 1. Da Benedetto XIV a Pio XI. -- v. 2. Da PIo XII a Giovanni XXIII. 650 04$aChiesa cattolica$xpastorale$xgiovani.$0(OLS)http://pul/subject/2596 650 4$aEncicliche.$0(OLS)http://pul/subject/969 710 2 $aBenedettini.$bCongregazione di Francia (Solesmes).$0(OLS)http://pul/name/17965 830 0$aInsegnamenti pontifici ;$v11-12.$0(OLS)http://pul/title/29121 850 $aPUL 852 $aPUL$W1$xDP1 Fondo Maccarrone$y58$m1506 G 39-40$j29127$nBK-PRI$b $qFondi$B29127$CPULBib$Z2$F29127 $H $81 852 $aPUL$W1$xDP1 Fondo Maccarrone$y58$m1506 G 39-40$j29127$nBK-PRI$b $qFondi$B29128$CPULBib$Z2$F29128 $H $81 852 $aPUL$W1$xDP1 Fondo Pastorale$y55$mP1 A 17-18$j29129$nBK-PRI$b $qFondi$B29129$CPULBib$Z2$F29129 $H $81 852 $aPUL$W1$xDP1 Fondo Pastorale$y55$mP1 A 17-18$j29129$nBK-PRI$b $qFondi$B29130$CPULBib$Z2$F29130 $H $81 941 1 $a1 961 $aINV: 01970-1971 -- Fondo Mons. M. Maccarrone 961 $aINV: 01970-1971 -- Fondo Mons. M. Maccarrone 996 $6245$aLa chiesa$9(OLS)http://pul/title/29128 996 $6260$aRoma :$bEd. Paoline$9(OLS)http://pul/publisher/48300